Неоднозначность математической модели первоатома Леметра; Известия вузов. Физика; Т. 52, № 9

Sonraí bibleagrafaíochta
Parent link:Известия вузов. Физика: научный журнал/ Национальный исследовательский Томский государственный университет (ТГУ).— , 1957-
Т. 52, № 9.— 2009.— [С. 31-39]
Príomhchruthaitheoir: Ласуков В. В. Владимир Васильевич
Achoimre:Заглавие с экрана
Показано, что неоднозначность канонического квантования первоатома Леметра, обусловленная особенностью кинетической части гамильтониана и тем, что хаббловский оператор импульса не коммутирует с пространственной координатой сверхпространства-времени несущественна, а также несущественна и некоммутативность операции варьирования и процедуры замены времени. Дано квазиклассическое обоснование одночастичности квантовой теории первоатома Леметра.
Режим доступа: по договору с организацией-держателем ресурса
Teanga:Rúisis
Foilsithe / Cruthaithe: 2009
Ábhair:
Rochtain ar líne:http://elibrary.ru/item.asp?id=12995110
Formáid: Leictreonach Caibidil leabhair
KOHA link:https://koha.lib.tpu.ru/cgi-bin/koha/opac-detail.pl?biblionumber=637474

MARC

LEADER 00000nla0a2200000 4500
001 637474
005 20250421093239.0
035 |a (RuTPU)RU\TPU\network\1614 
090 |a 637474 
100 |a 20140920d2009 k||y0rusy50 ca 
101 0 |a rus 
102 |a RU 
135 |a drcn ---uucaa 
181 0 |a i  
182 0 |a b 
200 1 |a Неоднозначность математической модели первоатома Леметра  |f В. В. Ласуков 
203 |a Текст  |c электронный 
300 |a Заглавие с экрана 
320 |a [Библиогр.: с. 14 (7 назв.)] 
330 |a Показано, что неоднозначность канонического квантования первоатома Леметра, обусловленная особенностью кинетической части гамильтониана и тем, что хаббловский оператор импульса не коммутирует с пространственной координатой сверхпространства-времени несущественна, а также несущественна и некоммутативность операции варьирования и процедуры замены времени. Дано квазиклассическое обоснование одночастичности квантовой теории первоатома Леметра. 
333 |a Режим доступа: по договору с организацией-держателем ресурса 
461 |t Известия вузов. Физика  |o научный журнал  |f Национальный исследовательский Томский государственный университет (ТГУ)  |d 1957- 
463 |t Т. 52, № 9  |v [С. 31-39]  |d 2009 
610 1 |a электронный ресурс 
610 1 |a труды учёных ТПУ 
610 1 |a Леметр 
610 1 |a атомы 
610 1 |a сверхпространство-время 
610 1 |a квазиклассическое приближение 
610 1 |a упорядочение 
700 1 |a Ласуков  |b В. В.  |c математик  |c доцент Томского политехнического университета, кандидат физико-математических наук  |f 1954-  |g Владимир Васильевич  |3 (RuTPU)RU\TPU\pers\28144  |9 13102 
801 2 |a RU  |b 63413507  |c 20150421  |g RCR 
850 |a 63413507 
856 4 |u http://elibrary.ru/item.asp?id=12995110 
942 |c CF